LEADER 00809nam a2200253 i 4500 001 991001743619707536 005 20020503153122.0 008 000505s1961 it ||| | ita 035 $ab10266628-39ule_inst 035 $aEXGIL90779$9ExL 040 $aBiblioteca Interfacoltà$bita 082 0 $a540.1 100 1 $aBurckhardt, Titus$0131405 245 10$aAlchimia /$cTitus Burckhardt 260 $aTorino :$bBoringhieri,$c1961 300 $a176 p. 500 $aTit. orig.: Alchemie 650 4$aAlchimia 907 $a.b10266628$b02-04-14$c27-06-02 912 $a991001743619707536 945 $aLE002 Ps. I D 9$g1$i2002000552075$lle002$o-$pE0.00$q-$rl$s- $t0$u2$v1$w2$x0$y.i10317788$z27-06-02 996 $aAlchimia$9211780 997 $aUNISALENTO 998 $ale002$b01-01-00$cm$da $e-$fita$git $h0$i1 LEADER 01172nam0 22002771i 450 001 UON00321742 005 20231205104143.266 010 $a978-88-207-4470-0 100 $a20090310d2009 |0itac50 ba 101 $aita 102 $aIT 105 $a|||| ||||| 200 1 $aˆIl ‰"respiro lungo" delle rive del Mediterraneo tra geopolitica e geoeconomia$fItalo Talia$gcon la collaborazione di Italo Iozzolino 210 $aNapoli$cLiguori$d2009 215 $aVI, 195$cill.$d24 cm. 606 $aMediterraneo$xGeopolitica$3UONC071428$2FI 620 $aIT$dNapoli$3UONL000012 700 1$aTalia$bItalo$3UONV108541$034425 702 1$aIozzolino$bItalo$3UONV146639 712 $aLiguori$3UONV246456$4650 801 $aIT$bSOL$c20260116$gRICA 899 $aSIBA - SISTEMA BIBLIOTECARIO DI ATENEO E ARCHIVIO STORICO$2UONSI 912 $aUON00321742 950 $aSIBA - SISTEMA BIBLIOTECARIO DI ATENEO E ARCHIVIO STORICO$dSI VII GEO 2.0 0919 $eSI SC 45162 0919 $sTesto d'esame 996 $a"respiro lungo" delle rive del Mediterraneo tra geopolitica e geoeconomia$91371348 997 $aUNIOR